|
|
|
|
| LEADER |
00625nab a2200181 i 4500 |
| 001 |
misc1096 |
| 005 |
20191106143725.0 |
| 008 |
170607s1911 hu o 0|| hun d |
| 040 |
|
|
|a SZTE Miscellanea Repozitórium
|b hun
|
| 041 |
|
|
|a hun
|
| 100 |
1 |
|
|a Havas Zoltán
|
| 245 |
1 |
0 |
|a Marie Bashkirtseff
|h [elektronikus dokumentum] /
|c Havas Zoltán
|
| 260 |
|
|
|c 1911
|
| 300 |
|
|
|a 388-389
|
| 490 |
0 |
|
|a Kultura [!Kultúra] : irodalmi, művészeti, kritikai képes havi folyóirat
|v 2 No. 7
|
| 695 |
|
|
|a Szépirodalom
|
| 700 |
0 |
1 |
|a Uhlik József
|e aut
|
| 856 |
4 |
0 |
|u http://misc.bibl.u-szeged.hu/1096/1/kultura_002_007_388-389.pdf
|z Dokumentum-elérés
|